Pink Crystals - Statistics

General Stats
  • This quiz has been taken 47 times
  • The average score is 3 of 7
Answer Stats
Description Answer % Correct
Valued quartz variety; usually found in massive form; many pieces are translucent with many fractures; some believe it inspires love Rose quartz
93%
Pink to dark park pink with brown or black areas; often found in massive form; mostly found in metamorphic rocks; named after the Greek word for rose "rhodon" Rhodonite
60%
Discovered at the start of the 20th century; highly sought-after member of the spodumene family; forms long, started prisms that can be opaque and often translucent; named after the American gemstone specialist G.F. Kunz Kunzite
36%
Colouration due to manganese; resembles a version of blue lace agate in reds, oranges, and pink; large crystals are rare and found in rhombohedral shapes Rhodocrosite
33%
Colour caused by lithium, caesium, or manganese; rare variety of beryl; tumbled stones can have an almost be transparently clear or opaque milky white look Morganite
26%
Known as an ornamental carving stone in Norway since ancient times; a variety of the mineral zoisite; found in metamorphic limestones and igneous rocks with mineral alterations; named after the mythical island of Thule Thulite
26%
Variety of mica; coloured by lithium; can be found as masses of rounded sheaves or small, flat plates; also found as microcrystalline stone with a violet-in colour and surface that glistens in light Lepidolite
14%
No matching quizzes found
Score Distribution
Percent of People with Each Score
Percentile by Number Answered
Your Score History
You have not taken this quiz